| 000 | 00825nam a2200229 i 4500 | ||
|---|---|---|---|
| 999 |
_c48543 _d48543 |
||
| 001 | BINCO | ||
| 003 | CO-MdBIC | ||
| 005 | 20200317170750.0 | ||
| 008 | 200317t1976 us a||ac |||| 00| j eng d | ||
| 020 | _a0-8193-0885-4-6-2 | ||
| 040 |
_aCO-MdBIC _bspa. _cCO-MdBIC _dCO-MdBIC |
||
| 082 | 0 | 4 |
_a813C _222 _bL51h |
| 100 | 1 |
_ade Leeuw, Adele _tHorseshoe Harry and the Whale |
|
| 245 | 1 | 0 |
_aHorseshoe Harry and the whale _c/ Adele de Leeuw ; Parents' Magazine Press ; ilustrado por Quentin Blake |
| 260 | _aNew York : Parents' Magazine Press | ||
| 264 |
_aNew York : _bParents' Magazine Press , _c©1976 |
||
| 300 |
_a[42 páginas] : _bilustrado a color : _c20 cm. |
||
| 505 | _aCuenta la historia de un vaquero y sus aventuras. | ||
| 700 |
_ade Leeuw, Adele _eEscritor |
||
| 700 |
_aBlake, Quentin _eIlustrador |
||
| 942 | _cLGB | ||